Tín ngưỡng dân gian trong đời sống tinh thần của cộng đồng người Việt ở tỉnh Tiền Giang Sách chuyên khảo

Phân tích lý luận chung về tín ngưỡng, tín ngưỡng dân gian, đời sống tinh thần và vai trò của tín ngưỡng dân gian trong đời sống tinh thần. Làm rõ đặc điểm, sự ảnh hưởng và những vấn đề đặt ra của tín ngưỡng dân gian của người Việt...

Descrición completa

Gardado en:
Detalles Bibliográficos
Autor Principal: Lê, Thị Son
Formato: Libro
Idioma:Undetermined
Publicado: Tp. Hồ Chí Minh Đại học Quốc gia Tp. Hồ Chí Minh 2018
Những chủ đề:
Acceso en liña:http://lrc.tdmu.edu.vn/opac/search/detail.asp?aID=2&ID=35992
Các nhãn: Engadir etiqueta
Sen Etiquetas, Sexa o primeiro en etiquetar este rexistro!
Thư viện lưu trữ: Trung tâm Học liệu Trường Đại học Thủ Dầu Một
LEADER 01568nam a2200217Ia 4500
001 TDMU_35992
008 210410s9999 xx 000 0 und d
082 |a 711.58 
090 |b L250 
100 |a Lê, Thị Son 
245 0 |a Tín ngưỡng dân gian trong đời sống tinh thần của cộng đồng người Việt ở tỉnh Tiền Giang 
245 0 |b Sách chuyên khảo 
245 0 |c Lê Thị Son 
260 |a Tp. Hồ Chí Minh 
260 |b Đại học Quốc gia Tp. Hồ Chí Minh 
260 |c 2018 
300 |a VII, 211tr. 
520 |a Phân tích lý luận chung về tín ngưỡng, tín ngưỡng dân gian, đời sống tinh thần và vai trò của tín ngưỡng dân gian trong đời sống tinh thần. Làm rõ đặc điểm, sự ảnh hưởng và những vấn đề đặt ra của tín ngưỡng dân gian của người Việt ở Tiền Giang hiện nay. Đề xuất phương hướng, giải pháp để phát huy giá trị và khắc phục hạn chế của tín ngưỡng dân gian trong cộng đồng người Việt ở Tiền Giang hiện nay 
650 |a Văn hóa dân gian  |x Tín ngưỡng dân gian  |z Việt Nam; Đời sống tinh thần  |v Tín ngưỡng dân gian  |z Tiền Giang (Việt Nam) 
856 |u http://lrc.tdmu.edu.vn/opac/search/detail.asp?aID=2&ID=35992 
980 |a Trung tâm Học liệu Trường Đại học Thủ Dầu Một